BIBLIOTECA

SENCICO

El crecimiento de las ciudades (Registro nro. 2119)

Detalles MARC
000 -LEADER
fixed length control field 00744nam a2200193Ia 4500
005 - DATE AND TIME OF LATEST TRANSACTION
control field 20251020182532.0
008 - FIXED-LENGTH DATA ELEMENTS--GENERAL INFORMATION
fixed length control field 200515s9999 xx 000 0 und d
082 ## - DEWEY DECIMAL CLASSIFICATION NUMBER
Classification number 711/L50
100 ## - MAIN ENTRY--PERSONAL NAME
Personal name ALEXANDER, C.ALLEN, G.ANGEL, S.BEINART, J.BLUMENFELD, H. y otros
245 #0 - TITLE STATEMENT
Title El crecimiento de las ciudades
260 ## - PUBLICATION, DISTRIBUTION, ETC.
Place of publication, distribution, etc. Barcelona
260 ## - PUBLICATION, DISTRIBUTION, ETC.
Date of publication, distribution, etc. 1974
500 ## - GENERAL NOTE
General note 1 ejemplar
520 ## - SUMMARY, ETC.
Summary, etc. Examina las fuerzas económicas y sociológicas que causan el crecimiento de las ciudades y condicionan su forma. Por ejemplo, una serie de artículos examina el florecimiento repentino y clandestino de asentamientos precarios en los bordes de las grandes ci
650 ## - SUBJECT ADDED ENTRY--TOPICAL TERM
Topical term or geographic name entry element DISEÑO URBANO
650 ## - SUBJECT ADDED ENTRY--TOPICAL TERM
Topical term or geographic name entry element LIB
650 ## - SUBJECT ADDED ENTRY--TOPICAL TERM
Topical term or geographic name entry element PLANIFICACION URBANA
942 ## - ADDED ENTRY ELEMENTS (KOHA)
Koha item type Libros
Existencias
Fecha de la última vez que lo usaron Pago total Signatura topográfica completa Código de barras Precio efectivo desde Tipo de documento Estado perdido Estado dañado No es para préstamo Retirado Ubicación permanente Ubicación actual Fecha de adquisición
15/05/2020   711/L50 Bib-Lima15052119 15/05/2020 Libros         Biblioteca Central Lima Biblioteca Central Lima 15/05/2020